00488nam a2200181Ia 450000500170000000800410001704000190005804100120007708200140008910000190010324500610012225000310018326000270021430000150024165000200025670000200027685000100029620240316114008.0131103s9999 xx 000 0 und d aLoreto College aEnglish a374 bLAL aLall,Dev Indar aAdult EducationbFor a New Democracy, cDev Indar Lall aForeword by K.G.Saityidain aDelhibS.Chandc[1954] aiv,182 p.  aAdult Education aSaityidain,K.G. aLCLIB